| 000 | | | 04581nmc2a22000003x 450 |
| 001 | | | 2e6f6dd6-6da3-4ccc-a00b-b47c37ecef6e |
| 005 | | | 20180702165358.0 |
| 100 | ## | $a | 20160407l18561859k l0rusy0189 ca |
| 101 | 0# | $a | rus |
| 102 | ## | $a | RU |
| 200 | 1# | $a | Дело о новом дополнительном постановлении о медицинском факультете Московского университета высочайше утвержденного в виде опыта на пять лет и о некоторых изменениях в оном для принятия к постоянному руководству. Тут же об учреждении вновь при Московском университете аптеки и о доставлении заключения относительно постановления о хозяйственном и полицейском управлении факультетской комиссией |
| | $j | 29 сентября 1850 г. |
| | $h | Часть 4 |
| 251 | ## | $c | Дело |
| 300 | ## | $a | Дело |
| 300 | ## | $a | Ориг. заголовок дела: Дело об изменении утверждённого в декабре 1845 года дополнительного постановления о медицинском факультете Московского университета. 3 мая 1856 г. - 29 сентября 1859 г |
| 801 | #0 | $a | RU |
| | $b | РГИА |
| | $c | 20160407 |
| | $g | RCR |
| 801 | #1 | $a | RU |
| | $b | ГлавНИВЦ |
| | $c | 20160407 |
| | $2 | rusmarc |
| 801 | #2 | $a | RU |
| | $b | ПБ им. Б.Н. Ельцина |
| | $c | 20180702 |
| | $g | RCR |
| | $2 | rusmarc |
| 850 | ## | $a | РГИА |
| 852 | ## | $a | РГИА |
| | $e | Федеральное казенное учреждение "Российский государственный исторический архив" (РГИА) |
| | $j | 5 |
| 937 | ## | $h | РГИА |
| | $d | 12193881 |
| | $a | ASBIBLIO_SCAN |
| 462 | #0 | $1 | 00175ee99a9-5750-4f16-9283-bc673fb37de8 |
| | $1 | 2001 |
| | $a | Дела разряда высших учебных заведений Департамента народного просвещения за 1838-1872 гг. |
| | $1 | 251 |
| | $c | Опись |
| | $1 | 852 |
| | $j | 147 |
| 461 | #0 | $1 | 001a74412a3-3cc5-4d21-8f0a-dfe2fbd9e72d |
| | $1 | 2001 |
| | $a | Департамент народного просвещения Министерства народного просвещения (1803-1917) |
| | $1 | 251 |
| | $c | Фонд |
| | $1 | 852 |
| | $j | 733 |
| 215 | ## | $a | 116 л. |
| | $d | 36,5х26 см |
| 371 | ## | $a | Документ не является опубликованным и широко распространяемым |
| 105 | ## | $a | y### |
| 122 | 2# | $a | d |
| 517 | 1# | $a | Дело об изменении утверждённого в декабре 1845 года дополнительного постановления о медицинском факультете Московского университета. 3 мая 1856 г. - 29 сентября 1859 г |
| 035 | ## | $a | 2e6f6dd6-6da3-4ccc-a00b-b47c37ecef6e |
| 856 | ## | $u | http://readingroom.main.prlib.ru/item.aspx?id_node=n116579688&mode=full |